书目信息 |
| 题名: |
人之为仁
|
|
| 作者: | 郭勉愈 , 巩璠 编著 | |
| 分册: | ||
| 出版信息: | 北京 北京师范大学出版社 2007 |
|
| 页数: | 152页 | |
| 开本: | 21cm | |
| 丛书名: | 走进经典丛书 | |
| 单 册: | ||
| 中图分类: | B222.22 , B222.2-49 | |
| 科图分类: | ||
| 主题词: | 儒家 , 先秦哲学 | |
| 电子资源: | ||
| ISBN: | 978-7-303-07968-1 | |
| 000 | 01060oam2 2200337 450 | |
| 001 | 1159579229 | |
| 005 | 20110929163505.40 | |
| 010 | @a978-7-303-07968-1@dCNY14.50 | |
| 100 | @a20070328d2007 em y0chiy50 ea | |
| 101 | 0 | @achi |
| 102 | @aCN@b110000 | |
| 105 | @aa z 000yy | |
| 106 | @ar | |
| 200 | 1 | @a人之为仁@e走进儒家的《论语》@f郭勉愈,巩璠编著@Aren zhi wei ren |
| 210 | @a北京@c北京师范大学出版社@d2007 | |
| 215 | @a152页@c图@d21cm | |
| 225 | 2 | @a走进经典丛书 |
| 300 | @a绿水晶系列 | |
| 330 | @a本书分为六部分,包括大哉孔子、《论语》的文与体、《论语》精粹选析、孔门风范、千古儒流、新儒学的崛起。 | |
| 461 | 0 | @1001003419781 |
| 517 | 1 | @a走进儒家的《论语》@Azou jin ru jia de《 lun yu》 |
| 605 | @a论语 | |
| 605 | @a论语@j青年读物 | |
| 606 | 0 | @a儒家 |
| 606 | 0 | @a先秦哲学 |
| 690 | @aB222.22@v4 | |
| 690 | @aB222.2-49@v4 | |
| 701 | 0 | @a郭勉愈@f(1975~)@4编著@Aguo mian yu |
| 701 | 0 | @a巩璠@4编著@Agong fan |
| 801 | 0 | @aCN@b大连网信软件有限公司图书馆·11@c20110929 |
| 905 | @a10447@dB222.2-49@eJY153 | |
| 人之为仁:走进儒家的《论语》/郭勉愈,巩璠编著.-北京:北京师范大学出版社,2007 |
| 152页:图;21cm .-(走进经典丛书 ) |
| 绿水晶系列 |
| ISBN 978-7-303-07968-1:CNY14.50 |
| 本书分为六部分,包括大哉孔子、《论语》的文与体、《论语》精粹选析、孔门风范、千古儒流、新儒学的崛起。 |
| ● |
| 相关链接 |
|
|
|
|
正题名:人之为仁
索取号:B222.2-49/JY153
 
预约/预借
| 序号 | 登录号 | 条形码 | 馆藏地/架位号 | 状态 | 备注 |
| 1 | 7824690 | 278246907 | 学院路分馆/ [索取号:B222.2-49/JY153] | 在馆 | |
| 2 | 7824691 | 278246916 | 学院路分馆/ [索取号:B222.2-49/JY153] | 在馆 | |
| 3 | 7824692 | 278246925 | 学院路分馆/ [索取号:B222.2-49/JY153] | 在馆 | |
| 4 | 7824693 | 278246934 | 学院路分馆/ [索取号:B222.2-49/JY153] | 在馆 |